Datum a čas kvízu

30.5 Celkem bodů Celkový počet nahraných bodů na tomto kvízu bez doplňovacích otázek.
5. Pořadí na kvízu Konečné umístění týmu na tomto kvízu.

Zaznamenané odpovědi

# Otázka Odpověď Body Výsledky
1. Nejvlivnější ženou Česka podle... Lenka Bradáčová 0
2. Dvanáctiletý londýnský kocour... lehl si pod prezidentskou limuzínu 1
3. Minulý týden se vrátil do kin... Hana Brejchová 0
4. V pondělí skončil po osmnácti... iTunes 1
5. Jak se jmenují dvě finalistky... Ashleigh Bartyová, Markéta Vondroušová 1
6. Na každé písmeno abecedy exist... geologie 1
5. Nyní se zeptáme na název oboru... genologie 0
8. Uveďte název nauky o tvaru Zem... geomorfologie 0
5. Tentokrát nás bude zajímat náz... genealogie 1
5. Jak se nazývá nauka o vztahu k... gastronomie 0